LEADER 00788nam a2200217 4500 001 000000360992 003 CaOOAMICUS 005 20241203090640.0 008 241203s2008 it 000 u ita r 040 $aSeMil$bita 100 1 $aFollett, Ken,$d<1949- >.$0(OLS)http://semarc/name/17077 240 10$aWorld without end.$0(OLS)http://semarc/title/451602 245 10$aMondo senza fine /$cKen Follett. 264 1$aMilano :$bMondadori,$c2008. 300 $a1201 p. ;$c23 cm 850 $aSeMil 852 $aSeMil$W1$xVenegono$y1$m1W IV 343$j252726$B251973$CSeMilBibl$Z2$F251973 $81 961 $aLocatelli Mauro - Omaggio 996 $6245$aMondo senza fine$9(OLS)http://semarc/title/451603 996 $6264$aMilano :$bMondadori$9(OLS)http://semarc/publisher/30335 LEADER 00916nam a2200217 i 4500 001 000000252531 003 CaOOAMICUS 005 20170116000000.0 008 170116s1933 it u000 u ita u 013 $a231436 040 $aSeMil$bita 100 1 $aFerretti, Jacopo.$0(OLS)http://semarc/name/74608 245 13$aLa cenerentola /$cmelodramma giocoso in due atti di Jacopo Ferretti ; musica di Gioachino Rossini. 260 $aSesto San Giovanni :$bEdizioni A. Barion,$c1933. 300 $a32 p. ;$c19 cm. 650 4$aOpera in musica.$0(OLS)http://semarc/subject/8916 700 1 $aRossini, Gioachino <1792-1868>.$0(OLS)http://semarc/name/7513 850 $aSeMil 852 $aSeMil$W1$xVenegono$y1$m5B III 70/1$j242145$B202877$CSeMilBibl$Z2$F215593 $81 996 $6245$aLa cenerentola$9(OLS)http://semarc/title/410007 996 $6260$aSesto San Giovanni :$bEdizioni A. Barion$9(OLS)http://semarc/publisher/30270